000 00279nam a22001337a 4500
008 180129b xxu||||| |||| 00| 0 eng d
020 _a8002290936
041 _aeng
080 _a616.31
100 _a5
101 _asto
245 _aaesthestics
_cbernard.t
942 _2udc
_cBK
999 _c41136
_d41136